02323nam a2200289 a 450000100100000000500170001000800410002704000250006808200180009310000260011124500410013726000430017830000270022149000690024850000380031750000340035550010040038965000280139371000510142183000760147204900150154895201230156395201080168695201080179495201140190299900170201600001789620250429110432.0100407s1986 dr c 000 0 spa d aDO-SdBNPbspacBNPHU a909.09bM276h1 aManfred, A. Z.93883310aHistoria universal /cA. Z. Manfred. aSanto Domingo :bUASDbPogreso,c1986. av. :bretrs. ;c21 cm.1 aPublicaciones de la Universidad Autónoma de Santo Domingov528 aIncluye notas al pie de páginas aLa biblioteca posee el tomo 2 aLa gran revolución de octubre, comienzo de una nueva era en la historia de la humanidad, 5 - la terminación de la primera guerra mundial y el nuevo reparto del mundo, 37 - la construcción del socialismo en la URSS, 48 - el mundo capitalista entre dos guerras mundiales, 111- el movimiento de la liberación nacional de los pueblos de Asia, Africa y América Latina en el período entre dos guerras mundiales, 140 - la segunda guerra mundial. La gran guerra patria del pueblo soviético, 224 - la Unión Soviética después de la segunda guerra mundial. Comineza la contrucción del cosumismo en la URSS, 258 - el sistema socialista mundial, 288 - los EE. UU. y los países capitalistas en Europa en los años de posguerra. formación de bloques agresivos, 338 - auge de la lucha antiimperialista de los pueblos de Asia, Africa y América Latina. Desintegración del sistema colonial, 373 - la lucha entre fuerzas de la paz y la guerra, 436 - conclusión, 443 - cronología, 451. 0aHistoria universal99331 aUniversidad Autónoma de Santo Domingo972951 0aPublicaciones de la Universidad Autónoma de Santo Domingon528938834 aEn proceso 001054708PDaGRbGRcCTd2013-04-08iLF1l0ov. 2, e. 3p17896-50r2020-06-25w2020-06-25yLFPDZPréstamo en sala 0010718PDaPDbPDcHDd2010-07-21iLF1l0ov. 1p17896-20r2020-06-25w2020-06-25yLFPDZNo se presta 0010718PDaPDbPDcCTd2011-03-04iLF1l0ov. 2p17896-30r2020-06-25w2020-06-25yLFPDZNo se presta 0010718PDaPDbPDcCTd2013-04-08iLF1l0ov. 2, e. 2p17896-40r2020-06-25w2020-06-25yLFPDZNo se presta c17420d17420